| 000 | 00470nam a2200157Ia 4500 | ||
|---|---|---|---|
| 008 | 151021s9999 xx 000 0 und d | ||
| 020 | _a135835275 | ||
| 050 | _aHF5386.S413 1987 | ||
| 245 | _a_Mind power Picture your way to sucess in business Gini Graham Scott | ||
| 260 | _aNew Jersey Prentice hall 1987 | ||
| 300 | _axi,183p. | ||
| 500 | _aInclude index | ||
| 500 | _aInclude index | ||
| 650 | _a_Success in business | ||
| 980 | _a^d20120830 01:42:37^okorir | ||
| 999 |
_c12707 _d12707 |
||